An introductory course in Korean
Gorde:
| Egile nagusia: | |
|---|---|
| Formatua: | Liburua |
| Hizkuntza: | koreera ingelesa |
| Argitaratua: |
Seúl
Yonsei University Press
1997
|
| Edizioa: | 2a. ed |
| Gaiak: | |
| Etiketak: |
Etiketa erantsi
Etiketarik gabe, Izan zaitez lehena erregistro honi etiketa jartzen!
|
MARC
| LEADER | 00000nam a2200000 a 4500 | ||
|---|---|---|---|
| 001 | UCP1916 | ||
| 003 | CL-VaPUC | ||
| 008 | 990430e19970000KO |||||||||||||||||kor|d | ||
| 041 | 0 | 7 | |a kor |2 CL-VaPUC |
| 041 | 0 | 7 | |a eng |2 CL-VaPUC |
| 082 | 0 | 4 | |a 495.7 |b LUK |2 21 |
| 100 | |a Lukoff, Fred |e autor |9 428258 | ||
| 245 | 1 | 3 | |a An introductory course in Korean |
| 250 | |a 2a. ed | ||
| 300 | |a v | ||
| 942 | |c BK | ||
| 945 | |d 19990430 00:00:00 |a rbrito | ||
| 260 | |a Seúl |b Yonsei University Press |c 1997 | ||
| 650 | 7 | |a COREANO |2 CL-VaPUC |9 411031 | |
| 650 | 7 | |a ENSEÑANZA DEL COREANO |2 CL-VaPUC |9 420901 | |
| 650 | 0 | |a Enseñanza de idiomas |9 339820 | |
| 650 | 0 | |a Ejercicios de escritura |9 346986 | |
| 650 | 7 | |a PRONUNCIACION |2 CL-VaPUC |9 371723 | |
| 583 | |a last modification |c 19990430 00:00:00 |k Rodrigo Vera | ||
| 999 | |c 280545 |d 280543 | ||
| 952 | |0 0 |1 0 |4 0 |6 495_700000000000000_LUK_1997 |7 0 |8 A |9 320887 |a BIBGIM |b BIBGIM |d 2019-11-20 |h v.1 |i 3520609 |o 495.7 LUK 1997 |p 3520609 |r 2025-01-15 |w 2019-11-20 |y BK |k ORI | ||
| 952 | |0 0 |1 0 |4 0 |6 495_700000000000000_LUK_1997 |7 0 |8 A |9 320888 |a BIBGIM |b BIBGIM |d 2019-11-20 |h v.2 |i 3520617 |o 495.7 LUK 1997 |p 3520617 |r 2025-01-15 |w 2019-11-20 |y BK |k ORI | ||
| 952 | |0 0 |1 0 |4 0 |6 495_700000000000000_LUK_1997 |7 0 |8 A |9 320889 |a BIBGIM |b BIBGIM |d 2019-11-20 |h v.3 |i 3520625 |o 495.7 LUK 1997 |p 3520625 |r 2025-01-15 |w 2019-11-20 |y BK |k ORI | ||